[Event "Olympiad Women-45"]
[Site "Budapest"]
[Date "2024.09.20"]
[Round "9.1"]
[White "Tokhirjonova, Gulruhbegim"]
[Black "Vaishali, Ramesh Babu"]
[Result "1-0"]
[WhiteElo "2380"]
[BlackElo "2498"]
[PlyCount "67"]
[EventDate "2024.09.11"]
[EventType "team-swiss"]
[EventRounds "11"]
[EventCountry "HUN"]
[SourceTitle "EXT 2025"]
[Source "ChessBase"]
[SourceDate "2024.10.14"]
[SourceVersion "1"]
[SourceVersionDate "2024.10.14"]
[SourceQuality "1"]
[WhiteTeam "United States (W)"]
[BlackTeam "India (W)"]
[WhiteTeamCountry "USA"]
[BlackTeamCountry "IND"]

1. c4 e5 2. g3 Nf6 3. Bg2 Bc5 4. Nc3 c6 5. e3 0-0 6. Nge2 d5 7. cxd5 Nxd5 8. d4 exd4 9. Nxd5 cxd5 10. Nxd4 Nc6 11. Nb3 Bb6 12. 0-0 Be6 13. Bd2 Re8 14. Bc3 Qg5 15. a4 Rad8 16. Nd4 Bg4 17. Qd2 Bc7 18. Rac1 Qh5 19. Nxc6 bxc6 20. Qd4 Be5 21. Qxa7 Bxc3 22. Rxc3 Rd6 23. Qc7 Rh6 24. h4 g5 25. Rxc6 Be6 26. Rd6 Kg7 27. Rd8 Rxd8 28. Qxd8 gxh4 29. Qxh4 Qf5 30. Qd4+ f6 31. Rc1 Qh5 32. Rc7+ Kg6 33. Qd3+ Bf5 34. Qxd5 1-0

[Event "Olympiad Women-45"]
[Site "Budapest"]
[Date "2024.09.14"]
[Round "4.5"]
[White "Tokhirjonova, Gulruhbegim"]
[Black "Roebers, Eline"]
[Result "1/2-1/2"]
[WhiteElo "2380"]
[BlackElo "2340"]
[PlyCount "78"]
[EventDate "2024.09.11"]
[EventType "team-swiss"]
[EventRounds "11"]
[EventCountry "HUN"]
[SourceTitle "EXT 2025"]
[Source "ChessBase"]
[SourceDate "2024.10.14"]
[SourceVersion "1"]
[SourceVersionDate "2024.10.14"]
[SourceQuality "1"]
[WhiteTeam "United States (W)"]
[BlackTeam "Netherlands (W)"]
[WhiteTeamCountry "USA"]
[BlackTeamCountry "NED"]

1. d4 Nf6 2. c4 g6 3. g3 Bg7 4. Bg2 0-0 5. Nf3 d6 6. 0-0 Nbd7 7. Nc3 e5 8. e4 Re8 9. h3 b6 10. d5 Nc5 11. Ne1 a5 12. b3 Rf8 13. Be3 Nfd7 14. a3 f5 15. b4 f4 16. Bxc5 bxc5 17. bxc5 fxg3 18. fxg3 Rxf1+ 19. Bxf1 Nxc5 20. Ra2 Qg5 21. Kh2 Rb8 22. Nd3 Nxd3 23. Bxd3 Bd7 24. Nb5 Qe3 25. Qd2 Qxd2+ 26. Rxd2 Bxb5 27. cxb5 Bh6 28. Rc2 Rb7 29. Kg2 Be3 30. a4 Bc5 31. Rc1 Rb8 32. Rf1 Rf8 33. Rxf8+ Kxf8 34. Kf3 Ke7 35. Be2 Kf6 36. Bd3 Bb6 37. Be2 Bc5 38. Bd3 Bb6 39. Be2 Bc5 1/2-1/2

[Event "Olympiad Women-45"]
[Site "Budapest"]
[Date "2024.09.13"]
[Round "3.8"]
[White "Ouellet, Maili Jade"]
[Black "Tokhirjonova, Gulruhbegim"]
[Result "1/2-1/2"]
[WhiteElo "2318"]
[BlackElo "2380"]
[PlyCount "81"]
[EventDate "2024.09.11"]
[EventType "team-swiss"]
[EventRounds "11"]
[EventCountry "HUN"]
[SourceTitle "EXT 2025"]
[Source "ChessBase"]
[SourceDate "2024.10.14"]
[SourceVersion "1"]
[SourceVersionDate "2024.10.14"]
[SourceQuality "1"]
[WhiteTeam "Canada (W)"]
[BlackTeam "United States (W)"]
[WhiteTeamCountry "CAN"]
[BlackTeamCountry "USA"]

1. d4 Nf6 2. c4 e6 3. Nc3 Bb4 4. e3 0-0 5. Bd3 d5 6. Nge2 b6 7. a3 Bd6 8. e4 dxe4 9. Nxe4 Bb7 10. Nxd6 cxd6 11. 0-0 d5 12. Bg5 dxc4 13. Bxc4 b5 14. Ba2 Nbd7 15. Nc3 h6 16. Be3 a6 17. d5 exd5 18. Nxd5 Nxd5 19. Bxd5 Bxd5 20. Qxd5 Nf6 21. Qc6 Qd5 22. Rac1 Qe5 23. Qc3 Qxc3 24. Rxc3 Nd5 25. Rd3 Nxe3 26. Rxe3 Rac8 27. Rfe1 Rc2 28. R3e2 Rfc8 29. g3 a5 30. Kf1 g5 31. Rxc2 Rxc2 32. Re2 Rc5 33. Ke1 Kg7 34. Kd2 Kf6 35. Kd3 Kf5 36. Re4 h5 37. h3 Kg6 38. b4 axb4 39. axb4 Rf5 40. Ke3 Rd5 41. Rd4 1/2-1/2

[Event "Olympiad Women-45"]
[Site "Budapest"]
[Date "2024.09.11"]
[Round "1.8"]
[White "Jamalia, Natalia"]
[Black "Tokhirjonova, Gulruhbegim"]
[Result "0-1"]
[WhiteElo "2003"]
[BlackElo "2380"]
[PlyCount "114"]
[EventDate "2024.09.11"]
[EventType "team-swiss"]
[EventRounds "11"]
[EventCountry "HUN"]
[SourceTitle "EXT 2025"]
[Source "ChessBase"]
[SourceDate "2024.10.14"]
[SourceVersion "1"]
[SourceVersionDate "2024.10.14"]
[SourceQuality "1"]
[WhiteTeam "Jordan (W)"]
[BlackTeam "United States (W)"]
[WhiteTeamCountry "JOR"]
[BlackTeamCountry "USA"]

1. d4 d5 2. Bf4 Nf6 3. e3 e6 4. Nf3 c5 5. c3 Nc6 6. Nbd2 Nh5 7. Bg3 Nxg3 8. hxg3 Bd6 9. Qc2 h6 10. 0-0-0 cxd4 11. exd4 Bd7 12. Kb1 Rc8 13. Re1 Be7 14. Bb5 Qb6 15. Bxc6 bxc6 16. Ne5 c5 17. Nxd7 Kxd7 18. Nf3 Bf6 19. dxc5 Rxc5 20. Ne5+ Ke7 21. Qb3 Rb8 22. Qxb6 Rxb6 23. Ka1 d4 24. Nd3 Rc7 25. cxd4 Bxd4 26. Re2 Rd7 27. Kb1 Rb5 28. Rc1 a5 29. Rec2 e5 30. Nc5 Rc7 31. Ne4 Rcb7 32. Rc7+ Rxc7 33. Rxc7+ Ke6 34. Rc2 f5 35. Nc3 Rc5 36. Nd1 Rd5 37. a3 e4 38. Re2 g5 39. g4 fxg4 40. Rxe4+ Kf5 41. Re8 h5 42. Kc2 Kg6 43. Re4 Rd7 44. Re6+ Kf5 45. Ra6 Ra7 46. Rd6 Be5 47. Rd8 Rc7+ 48. Kd3 Rb7 49. Kc2 Ke6 50. Rg8 Bf6 51. Ra8 h4 52. Ra6+ Kf7 53. Ne3 h3 54. gxh3 gxh3 55. Ng4 Bg7 56. Rxa5 Rxb2+ 57. Kc1 Kg6 0-1

[Event "Swiss Queens Wed #31"]
[Site "FIDE Online Arena INT"]
[Date "2024.08.28"]
[Round "8"]
[White "Fierro Baquero, Martha Lorena"]
[Black "Tokhirjonova, Gulruhbegim"]
[Result "1-0"]
[WhiteElo "2254"]
[BlackElo "2380"]
[PlyCount "91"]
[EventDate "2024.08.28"]
[EventType "swiss (blitz)"]
[EventRounds "11"]
[EventCountry "NET"]
[SourceTitle "CBM 221 Extra"]
[Source "ChessBase"]
[SourceDate "2024.09.30"]
[SourceVersion "1"]
[SourceVersionDate "2024.09.30"]
[SourceQuality "1"]

1. e4 e5 2. Nf3 Nc6 3. Bb5 a6 4. Ba4 Nf6 5. d4 exd4 6. 0-0 Bc5 7. Re1 0-0 8. e5 Nd5 9. c3 b5 10. Bc2 Be7 11. cxd4 d6 12. Be4 Be6 13. Nc3 Nxc3 14. bxc3 d5 15. Bc2 Na5 16. h4 Bxh4 17. g3 Be7 18. Kg2 Bg4 19. Rh1 g6 20. Qd2 f5 21. Rxh7 Bxf3+ 22. Kxf3 Bg5 23. Qxg5 Qxg5 24. Bxg5 Kxh7 25. Rh1+ Kg7 26. Bh6+ Kg8 27. Bxf8 Rxf8 28. Kf4 Kg7 29. Kg5 Nb7 30. Rh6 Nd8 31. Rxg6+ Kh8 32. e6 Nc6 33. Bxf5 Ne7 34. Rf6 Rg8+ 35. Kf4 Rg7 36. g4 Kg8 37. g5 a5 38. g6 b4 39. cxb4 axb4 40. Kg5 Nc6 41. Rf7 Ne7 42. Kf6 Nxf5 43. Kxf5 c5 44. Kf6 Rxg6+ 45. Kxg6 cxd4 46. e7 1-0

[Event "Swiss Queens Wed #31"]
[Site "FIDE Online Arena INT"]
[Date "2024.08.28"]
[Round "10"]
[White "Pham, Le Thao Nguyen"]
[Black "Tokhirjonova, Gulruhbegim"]
[Result "1-0"]
[WhiteElo "2395"]
[BlackElo "2380"]
[PlyCount "75"]
[EventDate "2024.08.28"]
[EventType "swiss (blitz)"]
[EventRounds "11"]
[EventCountry "NET"]
[SourceTitle "CBM 221 Extra"]
[Source "ChessBase"]
[SourceDate "2024.09.30"]
[SourceVersion "1"]
[SourceVersionDate "2024.09.30"]
[SourceQuality "1"]

1. d4 Nf6 2. Nf3 d5 3. Bf4 e6 4. e3 Bd6 5. Bg3 0-0 6. Nbd2 c5 7. c3 Nc6 8. Bd3 Re8 9. Ne5 Qc7 10. f4 a6 11. 0-0 b5 12. a3 Ne7 13. Bh4 Ng6 14. Bg5 Bb7 15. Qf3 Be7 16. h4 Rf8 17. h5 Nxe5 18. dxe5 Ne8 19. h6 g6 20. Qg3 Rd8 21. Nf3 f6 22. exf6 Bxf6 23. Qh3 Bc8 24. Bxf6 Rxf6 25. Ne5 Nd6 26. Qh4 Rdf8 27. Rf3 Nf5 28. Bxf5 exf5 29. Rg3 Re6 30. Rd1 Bb7 31. Kf2 Rfe8 32. Qg5 Rxe5 33. fxe5 Qxe5 34. Qf4 Qf6 35. Rg5 Re7 36. g4 d4 37. cxd4 Be4 38. gxf5 1-0

[Event "Swiss Queens Wed #31"]
[Site "FIDE Online Arena INT"]
[Date "2024.08.28"]
[Round "7"]
[White "Tokhirjonova, Gulruhbegim"]
[Black "Ismayil, Malak"]
[Result "0-1"]
[WhiteElo "2380"]
[BlackElo "2167"]
[PlyCount "42"]
[EventDate "2024.08.28"]
[EventType "swiss (blitz)"]
[EventRounds "11"]
[EventCountry "NET"]
[SourceTitle "CBM 221 Extra"]
[Source "ChessBase"]
[SourceDate "2024.09.30"]
[SourceVersion "1"]
[SourceVersionDate "2024.09.30"]
[SourceQuality "1"]

1. Nf3 Nf6 2. g3 d5 3. Bg2 e6 4. 0-0 Be7 5. d4 0-0 6. c4 dxc4 7. Nc3 c5 8. dxc5 Bxc5 9. Ne5 h6 10. Nxc4 Nc6 11. Be3 Bxe3 12. Nxe3 Qe7 13. a3 Rd8 14. Qc2 Nd4 15. Qb1 Nb3 16. Ra2 Nd2 17. Qc2 Nxf1 18. Kxf1 Bd7 19. Bxb7 Ba4 20. Nxa4 Qxb7 21. Nc5 Qh1# 0-1

[Event "Swiss Queens Wed #31"]
[Site "FIDE Online Arena INT"]
[Date "2024.08.28"]
[Round "3"]
[White "Tokhirjonova, Gulruhbegim"]
[Black "Padmini, Rout"]
[Result "0-1"]
[WhiteElo "2380"]
[BlackElo "2339"]
[PlyCount "74"]
[EventDate "2024.08.28"]
[EventType "swiss (blitz)"]
[EventRounds "11"]
[EventCountry "NET"]
[SourceTitle "CBM 221 Extra"]
[Source "ChessBase"]
[SourceDate "2024.09.30"]
[SourceVersion "1"]
[SourceVersionDate "2024.09.30"]
[SourceQuality "1"]

1. e4 c5 2. Nf3 Nc6 3. Bb5 Nd4 4. Nxd4 cxd4 5. 0-0 e6 6. c3 dxc3 7. Nxc3 a6 8. Be2 d6 9. d4 Nf6 10. a4 Be7 11. Be3 0-0 12. f4 Bd7 13. Qe1 Bc6 14. Bd3 d5 15. e5 Ne4 16. Nxe4 dxe4 17. Bc2 a5 18. f5 exf5 19. Rxf5 Qd7 20. Qf2 Bd5 21. Rf1 Rac8 22. Bd1 f6 23. Qg3 fxe5 24. Qxe5 Bc4 25. Rxf8+ Bxf8 26. Rf2 Bd5 27. h3 Re8 28. Qh5 g6 29. Qh4 Bg7 30. Bg4 Be6 31. Bxe6+ Qxe6 32. Qg5 Qb3 33. Qxa5 Qxe3 34. Qd5+ Kh8 35. Kf1 Bxd4 36. Rf7 Qd3+ 37. Ke1 Bc3+ 0-1